000
00329 a2200109 4500
001
ART_45577
005
20260410161939.0
008
260409a
245
1
0
_a
The elephant and the butterfly
100
1
_a
Davidson, Paul
773
0
_t
Journal of post Keynesian economics
_g
- Vol. 15, NÂș 3 (mar. 1993)
_w
REV26226
999
_c
29350
_d
29350